| 000 | 01329nam0a22003251 4500 | ||
|---|---|---|---|
| 001 | 2577735 | ||
| 005 | 20250622230045.0 | ||
| 021 |
_aRU _b78-59733 |
||
| 035 | _a(NLR Aleph) 006460907 | ||
| 090 |
_a5835252 _c5835252 |
||
| 100 | _a20110316d1978 |||y0rusy50 ca | ||
| 101 | 0 | _arus | |
| 102 | _aRU | ||
| 105 | _aa z ||||| | ||
| 200 | 1 |
_aРегуляторные клетки иммунной системы _fПод ред. д. чл. АМН СССР проф. Р.В. Петрова |
|
| 210 |
_aМосква _cБ. и. _d1978 |
||
| 215 |
_a247 с. _cил. _d22 |
||
| 225 | 1 |
_aИтоги науки и техники _iСерия "Иммунология" _vТ. 7 |
|
| 300 | _aВ надзаг.: Гос. ком. Совета Министров СССР по науке и технике. АН СССР. ВИНИТИ | ||
| 300 | _aНа обл. только загл. сер. | ||
| 320 | _aБиблиогр. в конце статей | ||
| 686 |
_aР252.325я43 _2rubbk |
||
| 702 | 1 |
_4340 _7ca _8rus _aПетров _bР. В. _cд-р мед. наук, иммунология _f1930- _gРэм Викторович _9222345 _3RU\NLR\AUTH\770222401 |
|
| 801 | 0 |
_aRU _bNLR _gpsbo |
|
| 801 | 1 |
_aRU _bELAR _2rusmarc |
|
| 852 |
_aNLR _jDesideratum |
||
| 899 |
_aRuMoRGB _jБ 78-40/25 |
||
| 899 |
_aRuMoRGB _jБ 78-40/27 |
||
| 942 | _cBOOK | ||
| 980 | _aNB | ||